| 000 | 00593nam a22001937a 4500 | ||
|---|---|---|---|
| 999 |
_c19015 _d19015 |
||
| 003 | AR-CdUCM | ||
| 008 | 190516b ||||| |||| 00| 0 spa d | ||
| 040 |
_aMUNICIPALIDAD PROVINCIAL DEL CUSCO _cBIBLIOTECA MUNICIPAL DEL CUSCO |
||
| 082 |
_a869.54 / _bM87 |
||
| 100 |
_aMoscoso Melgar, Manuel _940055 |
||
| 245 | _aPoesias de don Mariano Melgar / | ||
| 260 |
_aLima : _bEn los depositos del autor, _c1878. |
||
| 300 |
_a221 paginas ; _c20.5 cm. |
||
| 500 | _aPoesias y literatura | ||
| 650 |
_aPoesia _91598 |
||
| 650 |
_aLiteratura _983 |
||
| 942 |
_2ddc _cLIBROS |
||
| 945 |
_apjha _d2019-05-16 |
||